000 00453nam a2200193Ia 4500
003 0100
008 130303s9999 xx 000 0 und d
040 _cARRUPELIB
050 _aPR9387.9.A3M3 1966
100 _aAchebe, Chinua
245 2 _aA Man of the People
260 _aLondon
260 _bHeinemann
260 _C1966
300 _a149p.
650 _bHoly spirit -- Addresses
650 _cTheology, Doctrinal -- Addresses
942 0 0 _08
999 _c38560
_d38560